01219nam a2200289Ia 450000500170000000800410001702000180005808200160007610000280009224501220012025000220024230000390026453400490030365000190035265000370037165000240040870000410043294200120047326400300048533600270051533700330054233800280057504000350060399900150063895201380065395201380079120220317000049.0141031s2008 s a g 000 0 s  a978842613030304a530.8bW24h1 aWells, Robert E.d1927-10aHay algo más grande que una ballena azul?cescrito e ilustrado por Robert E. Wells ; traducido por Alejandra Devoto aTercera edición a29 páginasbilustracionesc18 cm t Is a blue whale the biggest thing there is?142LEMBaBallenas142LEMBaCosmografíaxEnseñanza142LEMBaSistema solar1 aDevoto, Alejandraetraductora993621 2ddccBK aBarcelonabJuventudc2008 atextobtxt2rdacontent asin mediaciónbn2rdamedia avolumenbnc2rdacarrier aCO-BoRNBPbspaerdacCO-BoRNBP c3025d3025 001040708InfPoTiaMEVIGERRbMEVIGERRcSInfd2018-09-29oC WEL2pECA27048r2024-11-26 09:36:16tEj.2w2024-11-26yBKz16710 | 21572 001040708InfPoTiaMEVIGERRbMEVIGERRcSInfd2014-03-10oC WEL2pECA22211r2024-11-26 09:36:16tEj.1w2024-11-26yBKz16710 | 21571